000 005290000a22001930004500
001 003525
003 MACL
005 20150802163505.0
008 150802b xxu||||| |||| 00| 0 eng d
040 _aMACL
_cMACL
041 _aEnglish
082 _a382.7/SHA
100 _aSharma, Vivek
_94451
245 _aMultiY̜ear Tariffs: Issues and Experiences In South Asia
_cVivek Sharma
260 _aNew Delhi
_c2004
_bTeri The Energy and Resources Institure,
350 _a500
650 _aEconomics
_94452
942 _k383
_cBK
_2ddc
999 _c15425
_d15425